| 000 | 00632nam a2200157Ia 4500 | ||
|---|---|---|---|
| 008 | 090123s9999 xx 000 0 und d | ||
| 082 | _b24711 | ||
| 245 | _aभाऊ पाध्ये यांच्या श्रेष्ठ कथा | ||
| 250 | _a0 | ||
| 260 | _bलोक वाड:मय न्यु एज. | ||
| 300 | _a292 | ||
| 630 | _aभाऊ पाध्ये यांच्या श्रेष्ठ कथा | ||
| 700 | _aचित्रे दिलिप पुरुषोत्तम | ||
| 730 | _aभाऊ पाध्ये यांच्या श्रेष्ठ कथा | ||
| 942 | _cBOOK | ||
| 999 |
_c62782 _d62782 |
||